[Event "Di Roseto op 1st"]
[Site "Di Roseto"]
[Date "2010.06.05"]
[Round "2"]
[White "Papp, Mario"]
[Black "Vuelban, Virgilio"]
[Result "1-0"]
[WhiteElo "2002"]
[BlackElo "2369"]
[PlyCount "63"]
[EventDate "2010.06.04"]
[EventType "swiss"]
[EventRounds "9"]
[EventCountry "ITA"]
[SourceTitle "CBM 136 Extra"]
[Source "ChessBase"]
[SourceDate "2010.07.02"]
[SourceVersion "2"]
[SourceVersionDate "2010.07.15"]
[SourceQuality "1"]

1. e4 e6 2. d4 d5 3. e5 c5 4. c3 Nc6 5. Nf3 Qb6 6. Bd3 cxd4 7. cxd4 Bd7 8. 0-0 Nxd4 9. Nbd2 Bc5 10. b4 Qxb4 11. Nxd4 Bxd4 12. Rb1 Qc3 13. Nf3 Bb6 14. Bb2 Qa5 15. Ng5 Nh6 16. Qe2 Qa4 17. Bc3 Qg4 18. Qd2 Bc6 19. h3 Qh4 20. Bb4 g6 21. Nf3 Qh5 22. Qf4 0-0-0 23. Be7 Nf5 24. Kh2 Qh6 25. Bg5 Qf8 26. g4 Ne7 27. Nd4 Bc7 28. Bf6 g5 29. Qxg5 Ng6 30. Qe3 Qa3 31. Rfc1 Kd7 32. Rxb7 1-0

[Event "HUN-chT2 Maroczy 0405"]
[Site "Hungary"]
[Date "2004.12.05"]
[Round "4"]
[White "Mihok, Oliver"]
[Black "Papp, Mario"]
[Result "1-0"]
[WhiteElo "2077"]
[BlackElo "2065"]
[PlyCount "77"]
[EventDate "2004.09.26"]
[EventType "team"]
[EventRounds "11"]
[EventCountry "HUN"]
[SourceTitle "EXT 2008"]
[Source "ChessBase"]
[SourceDate "2007.11.25"]
[SourceVersion "1"]
[SourceVersionDate "2007.11.25"]
[SourceQuality "1"]
[WhiteTeam "Penzugyor"]
[BlackTeam "Lang"]
[WhiteTeamCountry "HUN"]
[BlackTeamCountry "HUN"]

1. e4 Nf6 2. e5 Nd5 3. d4 d6 4. c4 Nb6 5. exd6 exd6 6. Nc3 Nc6 7. Be3 Bf5 8. Be2 Be7 9. d5 Ne5 10. f4 Ng6 11. Nf3 Bf6 12. Nd4 Bd7 13. Ne4 Qe7 14. Nxf6+ Qxf6 15. 0-0 0-0 16. Qd2 Qd8 17. b3 f5 18. a4 a5 19. Rae1 Qf6 20. Nc2 Nc8 21. Bd4 Qf7 22. Bc3 b6 23. Bh5 Nce7 24. Nd4 Rfe8 25. Ne6 Bxe6 26. Rxe6 Kf8 27. Rfe1 Ng8 28. Qb2 Re7 29. Bxg6 hxg6 30. Rxe7 Nxe7 31. Bxg7+ Kg8 32. Bf6 Re8 33. Bc3 Nc8 34. Qf2 Re7 35. Re3 Rxe3 36. Qxe3 Qe7 37. Qd4 Qh7 38. Qf6 Ne7 39. h3 1-0

[Event "HUN-chT2 Erkel 0304"]
[Site "Hungary"]
[Date "2003.09.28"]
[Round "1"]
[White "Papp, Mario"]
[Black "Barta, Zoltan"]
[Result "1-0"]
[WhiteElo "2027"]
[BlackElo "2114"]
[PlyCount "89"]
[EventDate "2003.09.28"]
[EventType "team"]
[EventRounds "11"]
[EventCountry "HUN"]
[SourceTitle "EXT 2009"]
[Source "ChessBase"]
[SourceDate "2008.11.26"]
[SourceVersion "1"]
[SourceVersionDate "2008.11.26"]
[SourceQuality "1"]
[WhiteTeam "Lang"]
[BlackTeam "Fuzesabony"]
[WhiteTeamCountry "HUN"]
[BlackTeamCountry "HUN"]

1. e4 c5 2. Nc3 Nc6 3. g3 g6 4. Bg2 Bg7 5. d3 e6 6. Be3 b6 7. Nge2 Nge7 8. 0-0 0-0 9. Qd2 d6 10. Bh6 Bb7 11. Bxg7 Kxg7 12. f4 Qd7 13. d4 Rad8 14. d5 exd5 15. f5 f6 16. exd5 Ne5 17. Nf4 Ba6 18. Ne6+ Kg8 19. fxg6 N7xg6 20. Rfe1 Rf7 21. Nxd8 Qxd8 22. Ne2 f5 23. Rad1 Qf6 24. b3 Bxe2 25. Rxe2 Qg7 26. Rf1 h6 27. Ref2 Ne7 28. Bh3 Ng4 29. Bxg4 Qxg4 30. Qxh6 Nxd5 31. Qd2 Ne7 32. Qxd6 Qe4 33. Qf4 Qb7 34. Rd2 Ng6 35. Qg5 Qc6 36. Rd8+ Kg7 37. Rxf5 Re7 38. Rfd5 Qe6 39. Qd2 Ne5 40. Qg5+ Ng6 41. Qd2 Ne5 42. Kg2 Qg4 43. Rxe5 Rxe5 44. Qd7+ Qxd7 45. Rxd7+ 1-0

[Event "HUN-chT2 0102"]
[Site "Hungary"]
[Date "2001.11.18"]
[Round "3"]
[White "Sallai, Kalman"]
[Black "Papp, Mario"]
[Result "1-0"]
[WhiteElo "2195"]
[BlackElo "2088"]
[PlyCount "41"]
[EventDate "2001.??.??"]
[EventType "team"]
[EventRounds "11"]
[EventCountry "HUN"]
[SourceTitle "EXT 2004"]
[Source "ChessBase"]
[SourceDate "2003.11.25"]
[SourceVersion "1"]
[SourceVersionDate "2003.11.25"]
[SourceQuality "1"]

1. e4 Nf6 2. e5 Nd5 3. d4 Nb6 4. Nf3 e6 5. Bd3 d5 6. exd6 Bxd6 7. 0-0 Nc6 8. Re1 Be7 9. c3 Bf6 10. Nbd2 Bd7 11. Ne4 Qe7 12. Qe2 0-0-0 13. a4 a5 14. b4 axb4 15. a5 Nd5 16. a6 b6 17. a7 Kb7 18. Bd2 Ra8 19. Ba6+ Kxa7 20. Bc8+ Na5 21. Rxa5+ 1-0